Interoperabilné digitálne dvojča pre Industry 4.0

Saved in:
Bibliographic Details
Main Author: Pajpach, Martin (Author)
Other Authors: Drahoš, Peter (Thesis advisor)
Format: Manuscript Book
Language:Slovak
Published: Bratislava : STU v Bratislave FEI, 2024
Subjects:
Online Access:https://opac.crzp.sk/?fn=detailBiblioFormChildM7809&sid=AA9A59A4FA5B9CCA51934107A76D&seo=CRZP-detail-kniha
Tags: Add Tag
No Tags, Be the first to tag this record!

MARC

LEADER 00000ntm a22000003a 4500
001 stuzp86515
003 SK-STU
005 20241212102853.5
007 ta
008 150427s2015----xo-----f-mn---000-0-slo-d
040 |a STU  |b slo 
041 0 |a slo 
044 |a xo 
100 1 |a Pajpach, Martin  |u 030400  |4 aut  |U FEI Fakulta elektrotechniky a informatiky  |T FEI Ústav automobilovej mechatroniky  |X 86396  |U E400  |Y 642  |7 86396 
242 0 1 |a Interoperable digital twin for Industry 4.0  |y eng 
245 1 0 |a Interoperabilné digitálne dvojča pre Industry 4.0 
260 |a Bratislava :  |b STU v Bratislave FEI,  |c 2024 
300 |a 91 s., príl. 
650 4 |a Industry 4.0  |2 slo 
650 4 |a interoperabilita  |2 slo 
650 4 |a sémantika  |2 slo 
650 4 |a digitálne dvojča  |2 slo 
650 4 |a AAS  |2 slo 
650 4 |a smart manufacturing  |2 slo 
650 4 |a OPC UA  |2 slo 
650 4 |a 3D engine  |2 slo 
650 4 |a interoperability  |2 eng 
650 4 |a digital twin  |2 eng 
650 4 |a 3D engine  |2 eng 
650 4 |a Industry 4.0  |2 eng 
650 4 |a semantics  |2 eng 
650 4 |a OPC UA  |2 eng 
650 4 |a AAS  |2 eng 
650 4 |a smart manufacturing  |2 eng 
700 1 |a Drahoš, Peter  |u 030400  |k Z1  |4 ths  |U FEI Fakulta elektrotechniky a informatiky  |T FEI Ústav automobilovej mechatroniky  |X 3709  |U E400  |Y 642  |7 A000003709 
856 4 |u https://opac.crzp.sk/?fn=detailBiblioFormChildM7809&sid=AA9A59A4FA5B9CCA51934107A76D&seo=CRZP-detail-kniha